الصحة تاجك : (Record no. 15765)
[ view plain ]
| 000 -الفاتح | |
|---|---|
| حقل البيانات ثابتة الطول | 00995nam a22002297a 4500 |
| 008 - عناصر البيانات ثابتة الطول - معلومات عامة | |
| حقل البيانات ثابتة الطول | 110731t xxu||||| |||| 00| 0 ara d |
| 082 ## - رقم تصنيف ديوى العشرى | |
| رقم الطبعة | 22 |
| رقم التصنيف | 613 |
| رقم المادة | ك ب ة |
| 100 1# - المدخل الرئيسى - إسم شخصى | |
| 9 (RLIN) | 26510 |
| الإسم الشخصى | كبة ، جوزيف عبود |
| 245 ## - بيان العنوان | |
| العنوان | الصحة تاجك : |
| بقية العنوان | حافظي عليه / |
| بيان المسئوليه,etc | جوزيف عبود كبة ؛ إخراج ورسوم عبد القادر عبد اللي |
| 260 ## - PUBLICATION, DISTRIBUTION, ETC. (IMPRINT) | |
| مكان الناشر او الموزع | حلب : |
| اسم الناشر او الموزع | دار الشرق العربي ، |
| تاريخ النشر أو التوزيع | [د . ت]. |
| 300 ## - الوصف المادى | |
| التعداد | 374 ص : |
| تفاصيل ماديه اخرى للوعاء | ايض ؛ |
| أبعاد الوعاء | 24 سم. |
| 650 ## - المدخل الاضافى بالموضوع-مصطلح موضوعى | |
| 9 (RLIN) | 17153 |
| مصطلح موضوعي أو اسم جغرافي كعنصر مدخل | الصحة العامة |
| 650 ## - المدخل الاضافى بالموضوع-مصطلح موضوعى | |
| 9 (RLIN) | 21978 |
| مصطلح موضوعي أو اسم جغرافي كعنصر مدخل | الصحة الوقائية |
| 650 ## - المدخل الاضافى بالموضوع-مصطلح موضوعى | |
| 9 (RLIN) | 8531 |
| مصطلح موضوعي أو اسم جغرافي كعنصر مدخل | الرعاية الصحية |
| 650 ## - المدخل الاضافى بالموضوع-مصطلح موضوعى | |
| 9 (RLIN) | 13639 |
| مصطلح موضوعي أو اسم جغرافي كعنصر مدخل | التغذية |
| 650 ## - المدخل الاضافى بالموضوع-مصطلح موضوعى | |
| 9 (RLIN) | 21703 |
| مصطلح موضوعي أو اسم جغرافي كعنصر مدخل | العلاج |
| 650 ## - المدخل الاضافى بالموضوع-مصطلح موضوعى | |
| 9 (RLIN) | 26528 |
| مصطلح موضوعي أو اسم جغرافي كعنصر مدخل | الوعى الصحي |
| 650 ## - المدخل الاضافى بالموضوع-مصطلح موضوعى | |
| 9 (RLIN) | 26527 |
| مصطلح موضوعي أو اسم جغرافي كعنصر مدخل | العناية الصحية |
| 653 ## - مصطلح تكشيفى غير مقيد | |
| Resource For college | |
| Arrived date list | July2011 |
| 942 ## - عناصر المدخل الإضافي( كوها) | |
| مصدر التصنيف او مخطط الترفيف | Dewey Decimal Classification |
| Koha [default] item type | Book - Borrowing |
| حالة التراجع | حالة الفقد | مصدر التصنيف او خطة الترفيف | حالة تلف | ليس للاعارة | مجموعات كوها | المكان الدائم | المكان الحالي | موقع الترفيف | تاريخ الاكتساب | Source of acquisition | رقم الاستدعاء | الباركود | Date last seen | نوع الوعاء |
|---|---|---|---|---|---|---|---|---|---|---|---|---|---|---|
| Dewey Decimal Classification | Alef-Baa | Central Library | Central Library | First floor | 31/07/2011 | 613 ك ب ة | 000023953 | 15/07/2025 | Book - Borrowing |